| 000 | 01172nam a22003257a 4500 | ||
|---|---|---|---|
| 001 | 411 | ||
| 003 | FISKH | ||
| 005 | 20250327090551.0 | ||
| 008 | 230410b cb ||||| |||| 00| 0 eng d | ||
| 020 | _a9781416991656 (pbk.) | ||
| 020 | _a9780545283946 | ||
| 020 | _a1416991654 (pbk.) | ||
| 040 |
_aDLC _cDLC _beng _dFISKH |
||
| 050 | 0 | 0 | _aPZ7.D644 |
| 082 | _a813.54 | ||
| 100 | 1 | _aDixon, Franklin W. | |
| 245 | 1 | 0 |
_aMystery map / _cby Franklin W. Dixon ; illustrated by Scott Burroughs. |
| 250 | _aFirst Scholastic printing, September 2010 | ||
| 260 |
_aNew York, NY : _bScholastic. _c2010. |
||
| 300 |
_a88 pages. : _bill. ; _c20 cm. |
||
| 490 | 0 |
_aThe Hardy Boys: secret files ; _v#3 |
|
| 505 | _aH | ||
| 520 | _aOn their way through the park, Frank and Joe find a mysterious map that looks like it leads to treasure, but the brothers must face bullies hanging around where the map leads. | ||
| 521 | 8 |
_a490
_bLexile |
|
| 521 | 8 |
_aH
_bRaz-Plus |
|
| 700 | 1 |
_aBurroughs, Scott, _eill. |
|
| 906 |
_a7 _bcbc _corignew _d4 _encip _f20 _gy-gencatlg |
||
| 942 |
_2ddc _cBK _n0 |
||
| 999 |
_c411 _d411 |
||